| 000 | 00902cam a2200253 i 4500 | ||
|---|---|---|---|
| 999 |
_c43409 _d43409 |
||
| 001 | 19852745 | ||
| 005 | 20180920145307.0 | ||
| 008 | 170728s2018 miu b 001 0 eng | ||
| 010 | _a 2017035593 | ||
| 020 | _a9780802874948 | ||
| 100 | 1 |
_aBegbie, Jeremy, _eauthor. |
|
| 245 | 1 | 0 |
_aRedeeming transcendence in the arts : _bbearing witness to the triune God / _cJeremy S. Begbie. |
| 260 |
_aGrand Rapids, Michigan : _bWilliam B. Eerdmans Publishing Company, _cc2018. |
||
| 300 |
_ax, 212 pages ; _c21 cm |
||
| 336 | _atext | ||
| 337 | _aunmediated | ||
| 338 | _avolume | ||
| 504 | _aIncludes bibliographical references (pages 187-204) and index. | ||
| 505 | 0 | _aStirrings of transcendence? -- Sublime transcendence -- Disturbing transcendence -- Redeeming transcendence. | |
| 650 | 0 | _aChristianity and the arts. | |
| 650 | 0 | _aTranscendence of God. | |
| 650 | 0 | _aTrinity. | |
| 942 |
_2lcc _cBK |
||